El Montseny - La Amistad : reserves de la biosfera agermanades = La Amistad - Montseny : reservas de la biosfera hermanadas reserves de la biosfera agermanades = La Amistad - Montseny :
Descripción Física:
1 f. plegat ; 31 cm
Materias:
Parc Natural del Montseny (Catalunya)
MARC
| LEADER | 00000nam a2200000Ia 4500 | ||
|---|---|---|---|
| 001 | 19601 | ||
| 008 | 160829s1997 xx 000 0 cat d | ||
| 080 | |a FU-9-25 | ||
| 245 | |a El Montseny - La Amistad : |b reserves de la biosfera agermanades = La Amistad - Montseny : |b reservas de la biosfera hermanadas | ||
| 260 | |a Barcelona : |b Diputació de Barcelona : |b Reserva de la Biosfera del Montseny, |c 1997 | ||
| 300 | |a 1 f. plegat ; |c 31 cm | ||
| 590 | |a Text en català i castellà | ||
| 610 | 0 | |a Parc Natural del Montseny (Catalunya) |9 10461 | |
| 610 | 0 | |a Parc Natural del Montseny (Catalunya) |9 10461 | |
| 710 | 1 | |a Barcelona (Catalunya : Província). |b Diputació |9 52408 | |
| 901 | |a Arxiu | ||
| 942 | |n 1 | ||
| 952 | |0 0 |1 0 |4 0 |6 FU925 |7 1 |9 49404 |a Arxiu |b Arxiu |d 2016-12-01 |l 0 |o FU-9-25 |p 19601 |r 2016-12-01 00:00:00 |w 2016-12-01 |y ARXIU | ||
| 999 | |c 53246 |d 53246 | ||